| 000 | 00861nam a22001937i 4500 | ||
|---|---|---|---|
| 999 |
_c23566 _d23566 |
||
| 003 | AR-CdUCM | ||
| 008 | 260331b20242024 pea|||| |||| 00| 0 spa d | ||
| 020 | _a978-612-49011-1-9 | ||
| 040 |
_aMUNICIPALIDAD PROVINCIAL DEL CUSCO _cBIBLIOTECA MUNICIPAL DEL CUSCO |
||
| 041 | _hspa | ||
| 082 |
_23° reimpresión: _aPI / 863 _bA21 |
||
| 100 |
_aAcosta Delgado, Rocío _952422 |
||
| 245 | _aLa niña de los sombreros / | ||
| 260 |
_aSurquillo-Lima Perú _bEditorial Ecladde Editorial Eclatse _c2026 |
||
| 300 |
_a15 páginas. : _c21x22 cm. |
||
| 505 | _aLa niña de los sombreros | ||
| 942 |
_2ddc _cLIBROS |
||
| 945 |
_apbjr _d31-03-2026 |
||